000 00494nam a2200169Ia 4500
008 240729s9999 xx 000 0 und d
022 _a2300-861X
245 0 _aTransport Problems
260 _aPoland
260 _bSilesian University of Technology
650 _a Engineering (General). Civil engineering (General)
650 _a Transportation engineering
650 _aTechnology
856 _uhttps://doaj.org/toc/d159de0ca53e42128f8a7d054440313e
942 _2ddc
942 _cDOAJEJ
999 _c72950
_d72950
945 _a1
_bMadushi Gamage
_c1
_dMadushi Gamage